Statistiques concernant Nommées au César de la meilleure actrice

Cliquez ici pour prendre le quiz!

Statistiques générales

  • Ce quiz a été pris 3 265 fois
    (2 112 depuis la dernière actualisation)
  • Le résultat moyen est 154 sur 209

Statistiques - réponses

AnnéeActriceFilm% Correct
2014Catherine DeneuveElle s'en va
97%
1999Catherine DeneuvePlace Vendôme
97%
1988Catherine DeneuveAgent trouble
97%
1989Catherine DeneuveDôle d'endroit pour une rencontre
97%
1993*Catherine DeneuveIndochine
97%
1994Catherine DeneuveMa saison préférée
97%
1982Catherine DeneuveHôtel des Amériques
97%
2015Catherine DeneuveDans la cour
97%
1981*Catherine DeneuveLe dernier métro
97%
2011Catherine DeneuvePotiche
97%
1976Catherine DeneuveLe Sauvage
97%
1997Catherine DeneuveLes voleurs
97%
2016Catherine DeneuveLa Tête haute
97%
2010*Isabelle AdjaniLa journée de la jupe
96%
1995*Isabelle AdjaniLa reine Margot
96%
1989*Isabelle AdjaniCamille Claudel
96%
1984*Isabelle AdjaniL'été meurtrier
96%
1977Isabelle AdjaniBarocco
96%
1982*Isabelle AdjaniPossession
96%
1986Isabelle AdjaniSubway
96%
1976Isabelle AdjaniL'Histoire d'Adèle H.
96%
2005Audrey TautouUn long dimanche de fiançailles
92%
2002Audrey TautouLe Fabuleux destin d'Amélie Poulain
92%
2010Audrey TautouCoco avant Chanel
92%
2001Isabelle HuppertSaint-Cyr
92%
2006Isabelle HuppertGabrielle
92%
1979Isabelle HuppertViolette Nozière
92%
2016Isabelle HuppertValley of love
92%
1989Isabelle HuppertUne affaire de femme
92%
1995Isabelle HuppertLa séparation
92%
2002Isabelle HuppertLa pianiste
92%
1996*Isabelle HuppertLa cérémonie
92%
2003Isabelle HuppertHuit femmes
92%
1978Isabelle HuppertLa Dentellière
92%
1999Isabelle HuppertL'école de la chair
92%
1981Isabelle HuppertLoulou
92%
1982Isabelle HuppertCoup de torchon
92%
2013Marion CotillardDe rouille et d'os
92%
2008*Marion CotillardLa môme
92%
2015Marion CotillardDeux jours, une nuit
92%
2015Juliette BinocheSils Maria
86%
1996Juliette BinocheLe Hussard sur le toit
86%
2003Juliette BinocheDécalage horaire
86%
1986Juliette BinocheRendez-vous
86%
1994*Juliette BinocheTrois couleurs : Bleu
86%
1993Juliette BinocheFatale
86%
2001Juliette BinocheLa Veuve de Saint-Pierre
86%
1992Juliette BinocheLes amants du Pont-Neuf
86%
1987Juliette BinocheMauvais Sang
86%
1996Emmanuelle BéartNelly et Monsieur Arnaud
85%
1992Emmanuelle BéartLa Belle Noiseuse
85%
1990Emmanuelle BéartLes enfants du désordre
85%
1993Emmanuelle BéartUn coeur en hiver
85%
2001Emmanuelle BéartLes Destinées sentimentales
85%
1990Josiane BalaskoTrop belle pour toi
84%
1994Josiane BalaskoTout le monde n'a pas eu la chance d'avoir des parents communistes
84%
2004Josiane BalaskoCette femme-là
84%
1978Miou-MiouDites lui que je l'aime
84%
1998Miou-MiouNettoyage à sec
84%
1980*Miou-MiouLa dérobade
84%
1991Miou-MiouMilou en mai
84%
1994Miou-MiouGerminal
84%
1987Miou-MiouTenue de soirée
84%
1983Miou-MiouJosepha
84%
1977Miou-MiouF comme Fairbanks
84%
1984Miou-MiouCoup de foudre
84%
1989Miou-MiouLa lectrice
84%
2002Catherine FrotChaos
83%
2016Catherine FrotMarguerite
83%
2000Catherine FrotLa Dilettante
83%
2007Catherine FrotLa tourneuse de page
83%
2008Catherine FrotOdette Toulemonde
83%
2009Catherine FrotLe crime est notre affaire
83%
2013Catherine FrotLes saveurs du palais
83%
1982Fanny ArdantLa femme d'à côté
83%
2014Fanny ArdantLes beux jours
83%
1984Fanny ArdantVivement dimanche !
83%
1997*Fanny ArdantPédale douce
83%
2003Fanny ArdantHuit femmes
83%
2007Charlotte GainsbourgPrête moi ta main
82%
1989Charlotte GainsbourgLa petite voleuse
82%
2011Charlotte GainsbourgL'Arbre
82%
1997Charlotte GainsbourgLove, etc.
82%
2014Bérénice BéjoLe Passé
81%
2012*Bérénice BejoThe Artist
81%
2000Nathalie BayeVenus Beauté (Institut)
81%
1984Nathalie BayeJ'ai épousé une ombre
81%
1981Nathalie BayeUne semaine de vacances
81%
2004Nathalie BayeLes sentiments
81%
1983*Nathalie BayeLa Balance
81%
2006*Nathalie BayeLe petit lieutenant
81%
1991Nathalie BayeUn week-end sur deux
81%
2005Karine ViardLe rôle de sa vie
80%
2000*Karine ViardHaut les coeurs !
80%
2012Karin ViardPolisse
80%
2015Karin ViardLa famille Bélier
80%
2014*Sandrine Kiberlain9 mois ferme
80%
2015Sandrine KiberlainElle l'adore
80%
2010Sandrine KiberlainMademoiselle Chambon
80%
1999Sandrine KiberlainA vendre
80%
1998Sandrine KiberlainLe septième ciel
80%
2006Valérie LemercierPalais Royal !
80%
1988Jeanne MoreauLe miraculé
78%
1992*Jeanne MoreauLa vieille qui marchait dans la mer
78%
2009*Yolande MoreauSéraphine
78%
2005*Yolande MoreauQuand la mer monte...
78%
1977Romy SchneiderUne femme à sa fenêtre
77%
1979*Romy SchneiderUne histoire simple
77%
1976*Romy SchneiderL'important c'est d'aimer
77%
1980Romy SchneiderClair de femme
77%
1983Romy SchneiderLa passante du Sans-Souci
77%
1985*Sabine AzémaUn Dimanche à la campagne
76%
1998Sabine AzémaOn connaît la chanson
76%
1996Sabine AzémaLe bonheur est dans le pré
76%
1994Sabine AzémaSmoking/No Smoking
76%
1987*Sabine AzémaMélo
76%
1990Sabine AzémaLa vie et rien d'autre
76%
1983Simone SignoretL'étoile du Nord
75%
1978*Simone SignoretLa vie devant soi
75%
2000Vanessa ParadisLa fille sur le pont
75%
1993AnémoneLe petit prince a dit
74%
1995AnémonePas très catholique
74%
1988*AnémoneLe grand chemin
74%
2000Sandrine BonnaireEst-Ouest
74%
1995Sandrine BonnaireJeanne la pucelle
74%
1986*Sandrine BonnaireSans toit ni loi
74%
1988Sandrine BonnaireSous le soleil de Satan
74%
1990Sandrine BonnaireMonsieur Hire
74%
1996Sandrine BonnaireLa cérémonie
74%
1979Annie GirardotLa clé sur la porte
72%
1977*Annie GirardotDocteur Françoise Gailland
72%
2016Cécile de FranceLa Belle Saison
72%
2007Cécile de FranceQuand j'étais chanteur
72%
2007Cécile de FranceFauteuils d'orchestre
72%
2008Cécile de FranceUn secret
72%
2014Léa SeydouxLa Vie d'Adèle
72%
2013Léa SeydouxLes Adieux à la reine
72%
2009Sylvie TestudSagan
72%
2004*Sylvie TestudStupeur et tremblements
72%
1987Béatrice Dalle37°2 le matin
71%
1990*Carole BouquetTrop belle pour toi
71%
2003*Isabelle CarréSe souvenir des belles choses
70%
2004Isabelle CarréLes sentiments
70%
2011Isabelle CarréLes émotifs anonymes
70%
2008Isabelle CarréAnna M.
70%
2006Isabelle CarréEntre ses mains
70%
2014Emmanuelle SeignerLa Vénus à la fourrure
69%
2008Marina FoïsDarling
69%
2012Marina FoÏsPolisse
69%
2002Charlotte RamplingSous le sable
68%
2004Charlotte RamplingSwimming Pool
68%
1986Charlotte RamplingOn ne meurt que deux fois
68%
1991*Anne ParillaudNikita
65%
2005Emmanuelle DevosRoi et reines
64%
2002*Emmanuelle DevosSur mes lèvres
64%
2012Ariane AscarideLes neiges du Kilimandjaro
61%
1998*Ariane AscarideMarius et Jeannette
61%
2003Ariane AscarideMarie-Jo et ses deux amours
61%
2013*Emmanuelle RivaAmour
61%
2010Kristin Scott ThomasPartir
61%
2009Kristin Scott ThomasIl y a longtemps que je t'aime
61%
2011Kristin Scott ThomasElle s'appelait Sarah
61%
1980Nastassja KinskiTess
61%
1988Nastassja KinskiMaladie d'amour
61%
1999*Elodie BouchezLa vie rêvée des Anges
58%
2011*Sarah ForestierLe Nom des gens
58%
2014Sarah ForestierSuzanne
58%
1985Jane BirkinLa Pirate
57%
1987Jane BirkinLa Femme de ma vie
57%
1984Nicole GarciaLes mots pour le dire
57%
1981Nicole GarciaMon oncle d'Amérique
57%
1986Nicole GarciaPéril en la demeure
57%
1997Marie TrintignantLe Cri de la soie
55%
1999Marie TrintignantComme elle respire
55%
2015*Adèle HaenelLes combattants
54%
1998Marie GillainLe Bossu
54%
2012Marie GillainToutes nos envies
54%
2007*Marina HandsLady Chatterley
53%
2001Muriel RobinMarie-Line
53%
1993Caroline CellierLe zèbre
52%
2010Dominique BlancL'autre
52%
2001*Dominique BlancStand-by
52%
1995Irène JacobTrois couleurs : Rouge
52%
1992Irène JacobLa double vie de Véronique
52%
2012Leïla BekhtiLa source des femmes
52%
1991Anne BrochetCyrano de Bergerac
51%
1976Delphine SeyrigIndia Song
47%
1978Delphine SeyrigRepérages
47%
1985Valérie KapriskyLa Femme publique
47%
1978Brigitte FosseyLes Enfants du placard
46%
2016Emmanuelle BercotMon Roi
45%
1991Tsilla CheltonTatie Danielle
45%
1994Anouk GrinbergUn, deux, trois, soleil
44%
1997Anouk GrinbergMon homme
44%
1992Anouk GrinbergMercie la vie
44%
2015Emilie DequennePas son genre
44%
1979Anouk AiméeMon premier amour
42%
2013Noémie LvovskyCamille redouble
41%
2012Valérie DonzelliLa guerre est déclarée
41%
1985Julia MigenesCarmen
40%
2006Anne ConsignyJe ne suis pas là pour être aimée
39%
2013Corinne MasieroLouise Wimmer
39%
1985Pascale OgierLes Nuits de la pleine lune
39%
2013Hélène VincentQuelques heures de printemps
38%
2009Tilda SwintonJulia
37%
2005Maggie CheungClean
35%
1980Dominique LaffinLa femme qui pleure
29%
2016Soria ZeroualFatima
24%
2016Loubna AbidarMuch love
23%

Distribution des résultats

Percentile par nombre de réponses

% des personnes avec chaque résultat

Votre développement - résultats

Vous n’avez pas pris ce quiz depuis la dernière actualisation